书目信息 |
| 题名: |
大道朝天
|
|
| 作者: | 郑明武 编写 | |
| 分册: | ||
| 出版信息: | 长春 吉林出版集团有限责任公司 2011.03 |
|
| 页数: | 119页 | |
| 开本: | 21cm | |
| 丛书名: | ||
| 单 册: | ||
| 中图分类: | I253.3 , F121.23 | |
| 科图分类: | ||
| 主题词: | 报告文学--中国--当代 , 私营经济--经济发展--概况--中国 , 私营经济 , 经济发展 , 报告文学 | |
| 电子资源: | ||
| ISBN: | 978-7-5463-1775-5 | |
| 000 | 00964nam0 22003131 450 | |
| 001 | 004988258 | |
| 005 | 20111228090728.40 | |
| 010 | @a978-7-5463-1775-5@dCNY22.00 | |
| 096 | @aI253@bzmw | |
| 100 | @a20101015d2011 em y0chiy50 ea | |
| 101 | 0 | @achi |
| 102 | @aCN@b220000 | |
| 105 | @ay z 000zy | |
| 200 | 1 | @a大道朝天@9da dao chao tian@e全国私营经济迅猛发展@f郑明武编写 |
| 210 | @a长春@c吉林出版集团有限责任公司@d2011.03 | |
| 215 | @a119页@d21cm | |
| 300 | @a共和国故事 | |
| 330 | @a本书阐述了全国私营经济迅猛发展的有关情况,内容包括:初步开放、曲折前进、迅猛发展。 | |
| 517 | 1 | @a全国私营经济迅猛发展@9quan guo si ying jing ji xun meng fa zhan |
| 606 | 0 | @a报告文学@y中国@z当代 |
| 606 | 0 | @a私营经济@x经济发展@x概况@y中国 |
| 606 | 0 | @a私营经济 |
| 606 | 0 | @a经济发展 |
| 606 | 0 | @a报告文学 |
| 690 | @aI253.3@v4 | |
| 690 | @aF121.23@v4 | |
| 701 | 0 | @a郑明武@9zheng ming wu@4编写 |
| 801 | 0 | @c20111228 |
| 905 | @aZUCC@dI253.3@eZ440@f3 | |
| 大道朝天:全国私营经济迅猛发展/郑明武编写.-长春:吉林出版集团有限责任公司,2011.03 |
| 119页;21cm |
| 共和国故事 |
| ISBN 978-7-5463-1775-5:CNY22.00 |
| 本书阐述了全国私营经济迅猛发展的有关情况,内容包括:初步开放、曲折前进、迅猛发展。 |
| ● |
| 相关链接 |
|
|
|
正题名:大道朝天
索取号:I253.3/Z440
 
预约/预借
| 序号 | 登录号 | 条形码 | 馆藏地/架位号 | 状态 | 备注 |
| 1 | 1184271 | 211842719 | 文学库108/108文学库 68排4列1层/ [索取号:I253.3/Z440] | 在馆 | |
| 2 | 1184272 | 211842728 | 社科二线400B/400B社科库 24排2列3层/ [索取号:I253.3/Z440] | 在馆 | |
| 3 | 1184273 | 211842737 | 社科二线400B/400B社科库 24排2列3层/ [索取号:I253.3/Z440] | 在馆 |